00787nam a22002177a 4500003000800000008004100008020001800049037000800067040003500075041000800110080001300118100003000131245011800161260005900279300003500338440006000373504002000433650005000453650004800503655001800551BI-BuBU251105b1920 en aaaafr|||| 001 0 eng d a9780632029280 bDon aBI-BuBUbengcBI-BuBUdBI-BuBU0 aeng a615.777.1 4aut.aDenyer, Serial Paul10aMechanisms of action of chemical biocides btheir study and exploitation cSerial Paul Denyer, William Barry Hugo aLondonbOxford blackwell scientific publicationsc1920 aXIV-346 p.bcouv. ill.c24 cm. aSociety for applied bacteriology. Technical series n27 aBibliogr. Index 72BI-BuBUaBiocide chimiquexMechanismexAction 72BI-BuBUaDésinfectantxMechanismexAction 72BI-BuBUaBook